<La> Strategie d'Entreprise
Salvato in:
| Autore principale: | |
|---|---|
| Natura: | Libro |
| Lingua: | francese |
| Pubblicazione: |
Paris
MacGraw-Hill
1990
|
| Edizione: | 2. éd. |
| Tags: |
Nessun Tag, puoi essere il primo ad aggiungerne!!
|
MARC
| LEADER | 00000nam a2200000 4500 | ||
|---|---|---|---|
| 001 | c021924 | ||
| 005 | 20221215125956.2 | ||
| 041 | 0 | |a fre | |
| 044 | |a FR | ||
| 245 | 1 | 0 | |a <La> Strategie d'Entreprise |c Raymond-Alain Thiétart |
| 250 | |a 2. éd. | ||
| 264 | 1 | |a Paris |b MacGraw-Hill |c 1990 | |
| 300 | |a 247 s. | ||
| 100 | 1 | |a Thiétart, Raymond-Alain | |